Open Data Biblioteca Nacional de Portugal


República Portuguesa: Ministério da Cultura
Biblioteca Nacional de Portugal

Catálogo da BNP: acesso por Identificadores Unívocos
Registos Bibliográficos associados ao registo de autoridade

Etiqueta de registo: 00000nam 2200025 450
001 2288638
003 http://id.bnportugal.gov.pt/bib/catbnp/2288638
100 ## $a20260623d2022 k y0pory01030103ba
101 0# $apor$deng
102 ## $aPT
105 ## $aa m 000yy
106 ## $ar
200 1# $aSistemas de notação gráfica do movimento na ginástica aeróbica$eestudo da linguagem escrita, análise visual e comunicacional da sua representação$fCátia Vanessa Jesus Pita$gorient. Jorge Manuel dos Reis Tavares Duarte, César José Duarte Peixoto
210 #9 $aLisboa$c[s.n.],$d2022
215 ## $a344 p.$cil.$d30 cm
328 #1 $aTese dout. Belas-Artes (Design de Comunicação), Faculdade de Belas-Artes, Universidade de Lisboa, 2022
700 #1 $aPita,$bCátia Vanessa Jesus$32001438
702 #1 $aReis,$bJorge dos,$f1971-$4727$31012084
702 #1 $aPeixoto,$bCésar José Duarte,$f1954-$4727$370666
801 #0 $aPT$bBN$gRPC
966 ## $lBN$mFGMON$x1
971 ## $corlando$d20260623

OpendataBNP@bnportugal.pt | Mais informação sobre acesso aos dados BNP